| 000 | 01960nam0a2200361 4500 | ||
|---|---|---|---|
| 001 | RU\NLR\bibl\1761253 | ||
| 005 | 20260408084214.0 | ||
| 010 |
_a978-5-7307-0736-8 _950 |
||
| 021 |
_aRU _b2011-24999 _91778 |
||
| 035 | _a(NLR Aleph) 001752067 | ||
| 090 |
_a1525085 _c1525085 |
||
| 100 | _a20110420d2010 |||y0rusy50 ca | ||
| 101 | 0 | _arus | |
| 102 | _aRU | ||
| 105 | _aa ||||||||| | ||
| 200 | 1 |
_aМеждународная конкурентоспособность в глобальной экономике _f[Р.И. Хасбулатов, О.Р. Хасбулатов, С.А. Курбанов и др.] _gпод ред. чл.-корр. РАН, д.э.н. Р.И. Хасбулатова, проф. С.В. Ивановой _gМ-во образования и науки Рос. Федерации, Гос. образоват. учреждение высш. проф. образования "Рос. экон. ун-т им. Г.В. Плеханова" (ГОУ ВПО "РЭУ им. Г.В. Плеханова") |
|
| 210 |
_aМосква _cГОУ ВПО "РЭУ им. Г.В. Плеханова" _d2010 |
||
| 215 |
_a159 с. _cил. _d21 |
||
| 300 | _aАвт. указаны на обороте тит. л. | ||
| 320 | _aБиблиогр. в подстроч. примеч. | ||
| 606 | 1 |
_aКонкурентоспособность _91112705 _3RU\NLR\auth\66439734 |
|
| 686 | _aУ010.66 | ||
| 686 | _aУ5-13 | ||
| 701 | 1 |
_4070 _8rus _7ca _aХасбулатов _bР. И. _f1942- _gРуслан Имранович _3RU\NLR\auth\7718398 _91475 |
|
| 701 | 1 |
_aХасбулатов _bО. Р. _gОмар Русланович _4070 |
|
| 701 | 1 |
_aКурбанов _bС. А. _4070 |
|
| 712 | 0 | 2 |
_4570 _aРоссийский экономический университет им. Г. В. Плеханова _3RU\NLR\AUTH\8810184025 _9864792 |
| 801 | 0 |
_aRU _bNLR _c20110420 _gRCR |
|
| 801 | 1 |
_aRU _bNLR _c20110420 |
|
| 942 | _cBOOK | ||
| 980 | _aNB | ||